Globální veřejný statek na příkladu Systému systémů globálního pozorování Země
Charakteristika verejných statkov a ich vplyv na problém zlyhania trhu pri poskytovaní verejných statkov. Verejné statky a ich poskytovanie na globálnej úrovni. Globálny systém systému pre sledovanie Zeme ako globálny verejný statok.
Enregistré dans:
| Auteur principal: | |
|---|---|
| Format: | Chapitre de livre |
| Langue: | tchèque |
| Sujets: | |
| Tags: |
Pas de tags, Soyez le premier à ajouter un tag!
|
MARC
| LEADER | 00000naa a2200000 4500 | ||
|---|---|---|---|
| 001 | 0236352 | ||
| 005 | 20220725082404.8 | ||
| 041 | 0 | |a cze | |
| 044 | |a CZ | ||
| 245 | 1 | 0 | |a Globální veřejný statek na příkladu Systému systémů globálního pozorování Země |c Miloslav Machoň |
| 520 | |a Charakteristika verejných statkov a ich vplyv na problém zlyhania trhu pri poskytovaní verejných statkov. Verejné statky a ich poskytovanie na globálnej úrovni. Globálny systém systému pre sledovanie Zeme ako globálny verejný statok. | ||
| 610 | 2 | 0 | |a statky verejné |
| 610 | 2 | 0 | |a teórie ekonomické |
| 610 | 2 | 0 | |a zlyhanie trhu |
| 100 | 1 | |a Machoň, Miloslav | |